000 00346pam a2200121a 44500
008 230405s2007 xxu||||| |||| 00| 0 eng d
041 _aENG
100 _aCOULSON RICHARDSON
245 _aCOULSON & RICHARDSONS CHEMICAL ENGINEERING VOL- 2&3
260 _aNEW YORK
_bWILEY INTERSCIENCE PUBLICATION NEW YORK
_c2007
300 _a340
906 _a3973
999 _c269412
_d269412